| 000 | 00558nam a2200205Ia 4500 | ||
|---|---|---|---|
| 005 | 20250923145256.0 | ||
| 008 | 008 250917s9999 xx 000 0 eng d | ||
| 037 | _aTextual | ||
| 040 |
_aDSWL _beng _cDSWL |
||
| 041 |
_aeng _2eng |
||
| 084 |
_aT2:77, N71 _qDSWL |
||
| 100 |
_aHolden, Alick _9833588 |
||
| 245 | 0 |
_aCounselling in Secondary Schools _cby Alick Holden |
|
| 260 |
_aLondon _bConstable & Co. Ltd. _c1971 |
||
| 300 | _a190p. | ||
| 365 |
_aGBP _b1.9 |
||
| 925 | _g1.9 | ||
| 942 |
_cTEXL _hT2:77, N71 |
||
| 999 |
_c1449339 _d1449339 |
||